Skip to content
VuFind
All Fields
Title
Author
Subject
Call Number
ISBN/ISSN
Tag
Find
Advanced
More Tell Me More
Cite this
Print
Export Record
Export to RefWorks
Export to EndNoteWeb
Export to EndNote
Export to MARC
More Tell Me More
Bibliographic Details
Format:
Book
Holdings
Description
Similar Items
Staff View
MARC
LEADER
00000cam a2200000 7i4500
001
0000007019
002
000007556
005
20000330.0
020
|a
T000000591
090
0
0
|a
J030 OO
245
1
0
|a
More Tell Me More
999
|a
026603
|b
BUKU
|c
PINJAMAN
|e
PERPUSTAKAAN KOMUNITI PETALING JAYA
Similar Items
More tell me more
Published: (1994)
More tell me more
Tell me more
Tell me more
Even more tell me more
Published: (1994)